[Event "Havana Province-ch sf Fase 1"]
[Site "Havana"]
[Date "2010.05.05"]
[Round "1"]
[White "Rey Rodriguez, Yosvany"]
[Black "Girones Barrios, Yans Richard"]
[Result "1-0"]
[WhiteElo "2117"]
[BlackElo "2184"]
[PlyCount "71"]
[EventDate "2010.05.05"]
[EventType "swiss"]
[EventRounds "9"]
[EventCountry "CUB"]
[EventCategory "1"]
[SourceTitle "EXT 2019"]
[Source "ChessBase"]
[SourceDate "2018.10.10"]
[SourceVersion "1"]
[SourceVersionDate "2018.10.10"]
[SourceQuality "1"]

1. e4 e5 2. Nf3 Nc6 3. Bb5 a6 4. Ba4 Nf6 5. d4 exd4 6. 0-0 Be7 7. Qe2 b5 8. Bb3 d6 9. a4 Bd7 10. Rd1 0-0 11. axb5 axb5 12. Rxa8 Qxa8 13. Bd5 Nxd5 14. exd5 Ne5 15. Nxe5 dxe5 16. Qxe5 Bf6 17. Qh5 g6 18. Qf3 Bg7 19. Bf4 Bf5 20. c3 Bc2 21. Rc1 Bb3 22. Bxc7 Bxd5 23. Qg3 Re8 24. cxd4 Qc6 25. Qf4 Bxd4 26. h3 Qf6 27. Qxf6 Bxf6 28. Nc3 Bc6 29. Bd6 Rd8 30. Rd1 Rd7 31. Bc5 b4 32. Rxd7 bxc3 33. Rc7 Bd8 34. Rc8 c2 35. Rxd8+ Kg7 36. Be3 1-0